01079nam a2200217 a 450000100100000000500170001000800410002702000150006804000250008310000440010824502140015226000720036630000330043849000620047150400320053370000470056571000600061283000670067295201050073999900170084400004118020201002034702.0130923s1990 sp 000 0 spa d a8400070577 aDO-SdBNPbspacBNPHU1 aVicente Rosillo, María Soledad96774310aCatalogo de los fondos especiales de la Biblioteca del Museo Nacional de Ciencias Naturales :bmanuscritos, incunables, obras de los S. XVI-XVII /cMaría Soledad Vicente Rosillo y Adelaida Orbiso Viñuelas. aMadrid :bConsejo Superior de Investigaciones Científicas,c1990. aXIV, 274 p. :bil. ;c24 cm.1 aMonografías (Museo Nacional de Ciencias Naturales) ;v1 aBibliografía : p. 273-2741 aOrbiso Viñuelas, Adelaida,ecomp.9677442 aConsejo Superior de Investigaciones Científicas94786 0aMonografías (Museo Nacional de Ciencias Naturales)n1967745 001050718MOaGRbGRcCTd2013-09-23iLF1l0o p41180-10r2020-06-25w2020-06-25y1ZNo se presta c40670d40670